THE WORLD BOOK DESK SET HOME FACTS (Record no. 21817)

MARC details
000 -LEADER
fixed length control field 00261nam a22001217a 4500
003 - CONTROL NUMBER IDENTIFIER
control field SGT
082 ## - DEWEY DECIMAL CLASSIFICATION NUMBER
Item number WIL
100 ## - MAIN ENTRY--PERSONAL NAME
Personal name WILLAM. H. NAULT
245 ## - TITLE STATEMENT
Title THE WORLD BOOK DESK SET HOME FACTS
260 ## - PUBLICATION, DISTRIBUTION, ETC. (IMPRINT)
Place of publication, distribution, etc USA
Name of publisher, distributor, etc WORLD BOOK
Year of Publication 1988
300 ## - PAGE DESCRIPTION
No. of Pages 155
942 ## - ADDED ENTRY ELEMENTS (KOHA)
Source of classification or shelving scheme Dewey Decimal Classification
Koha item type Books
Holdings
Withdrawn status Lost status Source of classification or shelving scheme Damaged status Not for loan Collection code Home library Current library Date acquired SGTU Total Checkouts Full call number Accession No. (Barcode) Date last seen Bill Date Koha item type
    Dewey Decimal Classification     MASS COMMUNICATION SGT Science & Social Sciences Library SGT Science & Social Sciences Library 09/09/2021 SGTU   WIL MC789 09/09/2021 09/09/2021 Books